Kodeks drogowy '99 : [cennik mandatów, punkty karne].
Uloženo v:
| Médium: | Kniha |
|---|---|
| Jazyk: | neznámý jazyk polština |
| Vydáno: |
Warszawa :
"Garmond",
1999.
|
| Edice: | Biblioteka Tygodnika Motor
|
| Témata: | |
| Tagy: |
Žádné tagy, Buďte první, kdo vytvoří štítek k tomuto záznamu!
|
MARC
| LEADER | 00000nam a2200000 i 4500 | ||
|---|---|---|---|
| 001 | 9913529330005606 | ||
| 005 | 20260515140225.0 | ||
| 008 | 010920s1998 pl 0 und | ||
| 020 | |a 8386746270 | ||
| 035 | |a 990000828690108206-48omnis_network | ||
| 035 | |a (Aleph)000082869UOP01 | ||
| 035 | |a (PL)b0001280198408 | ||
| 040 | |a OP 002 |c OP 002 |d WA N | ||
| 041 | 0 | |a pol | |
| 080 | |a 351.811.122(438) | ||
| 090 | |c 37 |d 36 | ||
| 245 | 0 | 0 | |a Kodeks drogowy '99 : |b [cennik mandatów, punkty karne]. |
| 260 | |a Warszawa : |b "Garmond", |c 1999. | ||
| 300 | |a 132, [11] s. il. kolor. ; |c 21 cm. | ||
| 490 | 1 | |a Biblioteka Tygodnika Motor | |
| 500 | |a Zawiera też : Cennik mandatów, punkty karne. | ||
| 650 | 4 | |a Prawo o ruchu drogowym | |
| 651 | 7 | |a Polska | |
| 920 | |a 83-86746-27-0{} | ||
| 942 | |c K | ||
| 952 | |0 0 |1 0 |4 0 |6 R__17_000000000000000 |7 0 |9 35 |a RYT |b RYT |d 2026-03-17 |e 1/2026 |g 10.00 |l 0 |o R.17 |p 2000000000176 |r 2026-05-15 14:02:25 |w 2026-05-15 |y BK |z da | ||
| 999 | |c 35 |d 35 | ||